Quizzes
Events
Quiz Creation
Community
Videos
Private Events
Remove Ads
Sign In
Join for FREE
Feedback
Dark Mode
Quiz Categories
Sports
Geography
Music
Movies
Television
Just For Fun
Miscellaneous
History
Literature
Language
Science
Gaming
Entertainment
Religion
Holiday
For Kids
Quiz Lab
Recent
Popular Today
Quiz Kudos Today
Editor Picks
Curator Picks
Quizzes by...
Day
Popularity
Type
Ratings
Length
Year
Community
Subscriptions
Recent Discussions
Orange Saloon
Badges
Playlists
Quests
Create
Leaderboards
Showdown
Live 5
Trivia Bingo
Activity
Puzzle Library
Sporcle Events
Private Events
Virtual Trivia
Globe League
Become a Host
Pub Owners
SporcleCon
Opinionation
Our Games
Videos
Blog
Mobile Apps
Partnerships
Remove Ads and Go Orange
Feedback
Geography
Country
Landmarks
City
State
Population
World
Capital
Continent
Flags
Europe
Africa
Asia
South America
North America
Oceania
Border
Canada
United Kingdom
Topography
United States
Geography
Country
Landmarks
City
State
Population
World
Capital
Continent
Flags
Europe
Africa
Asia
South America
North America
Oceania
Border
Canada
United Kingdom
Topography
United States
Random Quiz
Search Sporcle
×
Quiz Lab
Quiz Lab
Geography
Country
Type in answers that appear in a list
Type in answers that appear in a list
Classic
Best Score? Go Orange.
Countries by Cuisine Stats
Can you name the Countries by Cuisine?
By
whim
2m
19 Questions
820 Plays
820 Plays
820 Plays
Comments
Comments
Give Quiz Kudos
Give Quiz Kudos
-
- Ratings
hide this ad
More Info
Forced Order
Answers have to be entered in order
Answers have to be entered in order
Replay
Link that replays current quiz
Next Quiz
Link to next quiz in quiz playlist
You Got
0%
They Got
Avg Score
82%
Avg Friend Score
Upgrade to see
Score Distribution
Jump to the score distribution portion of the page
Score
0/19
Timer
02:00
0
Plays Today
Cuisine
Country
% Correct
Snails, Frogs, Bread, Cheese, Wine
France
97.9%
Pizza, Pasta, Tomatoes, Olive Oil
Italy
97%
Frankfurters, Beer, Pretzels
Germany
94.8%
Tapas, Paella, Tortilla
Spain
93.5%
Fish and Chips, Roast Beef/
chicken/
pork
United Kingdom
92.2%
Olives, Feta, Yoghurt, Ouzo
Greece
90.5%
Stroganoff, Vodka, Soups and Stews
Russia
89.9%
Sushi, Noodles
Japan
89.4%
Sir Fry, Noodles, Rice, Crispy Duck!
China
87.3%
Curry Dishes, Naan bread
India
87%
Cuisine
Country
% Correct
Nachos, Tortillas
Mexico
86.8%
Barbeque, Shrimps, Kangaroo
Australia
85.2%
Fondue, Milk Chocolate
Switzerland
82.6%
Goulash!
Hungary
75.1%
Chips/
fries, Chocolate, Mussels
Belgium
69.9%
Reindeer steak, Reindeer Stew
Norway
68.4%
Kebabs
Turkey
62.4%
Jerk chicken, Rice and peas
Jamaica
60.1%
lamb tagine, Couscous
Morocco
59.9%
Quiz Playlist
Details
Report
Send in Message
Add To Playlist
More Info:
Well known cuisine from some of the countries of the world.
Classic:
Type in answers that appear in a list
Forced Order:
Answers have to be entered in order
Last Updated: Feb 16, 2017
Quiz Scoreboard
CHALLENGE
Sign Up to Join the Scoreboard
Show All
Scores
Hide
Comments
May contain spoilers
Recently Published
College Basketball Coaching Resumes
by pancakes188
Sports
9m
Billboard Blitz: Fleetwood Mac
by CooCooCachoo
Music
15s
Presidents Visiting Landmarks
by Hejman
History
7m
More to Explore
Quiz From the Vault
Featured Blog Post
Where Did the Easter Bunny Come From?
hide this ad
You Might Also Like...
Tags
Country Quiz
cuisine
Today's Top Quizzes in Geography
Browse Geography
hide this ad
Today's Top Quizzes in Country
Browse Country
Top Contributed Quizzes in Geography
1
Countries of the World - No Outlines Minefield
2
Top 25 Cities of France on a map
3
Any capital of a 'B' country per Continent
4
Any capital of a 'C' country per Continent
5
Closest Countries to UK A-Z
6
Any capital of a 'D' country per Continent
7
5-to-1: US Geography No Hints
8
Any capital of an 'E' country per Continent
9
One Thing in Common: United Kingdom
10
Click the Alabama Counties! (Map)
Explore More
Trending Topics
Harry Potter
Disney
Anime
Crossword
NBA
Marvel
Kpop
Puzzle
Country
WWE
The Office
NFL
Song
Soccer
Pokémon
hide this ad
More By:
whim
Quiz
Plays
Rating
Category
Featured
Created
Countries by Cuisine
820
2.78
Geography
Apr 4, 2010
modern day countries - Roman Empire
505
3.33
Geography
Apr 3, 2010
Lyrics to Bohemian Rhapsody
317
1.20
Music
Apr 3, 2010
Things in my room.
102
1.50
Just For Fun
Apr 2, 2010
Go to Creator's Profile
Score Distribution
Quiz Creator Spotlight
whim
Follow
Send a Message
Quizzes Created
-
Created Quiz Play Count
-
More By This Creator
Popular Quizzes Today
1
Find the US States - No Outlines Minefield
2
Find the Countries of Europe - No Outlines Minefield
3
The Countries of the World
4
Find the US States
5
Risky Map Clicking: Biggest States A-Z
6
US States
7
Popular People in 1961
8
Movies - When Are They Set?
More Geography Quizzes
4 to 1 Blitz: Gambia
Quiz Lab
Trending Quizzes
Risky Map Clicking: Least Populous States A-Z
1-10 Letter G Words
1-10 Letter F Words
Risky Map Clicking: Next State Alphabetically
Click the Washington State Counties! (Map)
Recently Updated
Leaping Animals
pecheneg
Reality TV Shows (A-Z)
bhenderson79
Rickey Henderson's Hall of Fame Teammates
pecheneg
Champions League XIs: Arsenal
pecheneg
Quick Pick: Celebrities in WWE's Hall of Fame
aduchscher
A-Z Keypad Blitz II
pecheneg
Multiple Oscar Actors
pecheneg
Mystery Phrase Blitz: Oscar 'Best Actors'
pecheneg
F. Scott Fitzgerald Novels
LTH
Pick 3 Villains
ddd62291
Trending Topics
Harry Potter
Marvel
Kpop
Disney
Crossword
Anime
NBA
WWE
The Office
Country
Soccer
Puzzle
NFL
Song
Pokémon
Your Account Isn't Verified!
In order to create a playlist on Sporcle, you need to verify the email address you used during registration. Go to your
Sporcle Settings
to finish the process.
Report this User
Report this user for behavior that violates our
Community Guidelines
.
Details:
Send Report
Go to the Sporcle.com Mobile Site →
Comments